000 00835nam a22002897a 4500
001 5358
003 FISKH
005 20241128083601.0
008 241128b cb ||||| |||| 00| 0 eng d
020 _a9780590442794
040 _aFISKH
_beng
_cFISKH
_dFISKH
050 _aPZ7.B7633
082 _a813.54
100 _aBridwell, Norman
_d (1928–2014)
245 _aClifford's birthday party /
_cNorman Bridwell
250 _aFirst printing in 1988
260 _aNew York :
_bScholastic,
_c1988.
300 _a30 pages :
_bColor illustrations ;
_c21 cm
505 _aJ
520 _aClifford, the big, lovable, red dog, celebrates his birthday.
521 8 _a450L
_bLexile
521 8 _aJ
_bRaz-Plus
650 _2Birthday
_aPicture book
_vClifford
650 _2Animals
_aDogs
942 _2ddc
_cBK
_n0
999 _c5358
_d5358